| 000 | 00322nam a22001217a 4500 | ||
|---|---|---|---|
| 999 |
_c527895 _d527895 |
||
| 040 | _cDLC | ||
| 082 |
_a891.4393 _bAHM |
||
| 100 |
_aAhmed, Maj. Aftab _919391 |
||
| 245 |
_aMati ki Kahani: Is Lashkar ko Jaan Pyari Hai _cMaj. Aftab Ahmed |
||
| 260 |
_aLahore _bJamhori Publications _c2010 |
||
| 300 | _a411 | ||
| 942 |
_2ddc _cBK |
||